000 00277nam a2200121 i 4500
001 bg
245 0 _aUsługi społeczne /
_cpod red.A. Łukaszewicza.
260 _aWarszawa,
_c1984.
040 _cBPK
041 _apol
942 _cKS
008 s pl f |000 0 pol
999 _c2334
_d2334
856 _uhttp://koha.tu.koszalin.pl/cgi-bin/koha/opac-detail.pl?biblionumber=2334
_yKatalog online BPK